A la carga
Sparad:
| Huvudupphovsman: | |
|---|---|
| Materialtyp: | Bok |
| Språk: | spanska |
| Publicerad: |
Barcelona
Alejandro Martínez
1913
|
| Ämnen: | |
| Taggar: |
Lägg till en tagg
Inga taggar, Lägg till första taggen!
|
MARC
| LEADER | 00000nam a2200000 a 4500 | ||
|---|---|---|---|
| 001 | UCX1948 | ||
| 003 | CL-VaPUC | ||
| 008 | 901204e19130000SP |||||||||||||||||spa|d | ||
| 082 | 0 | 4 | |a 891.703 |b TOL |2 21 |
| 100 | 0 | |a Tolstoi, León Graf |e author |9 317672 | |
| 245 | 1 | 0 | |a A la carga |
| 300 | |a 238 p | ||
| 942 | |c BK | ||
| 945 | |d 19901204 00:00:00 | ||
| 260 | |a Barcelona |b Alejandro Martínez |c 1913 | ||
| 650 | 0 | |a Novelas rusas |9 316330 | |
| 583 | |a last modification |c 19901204 00:00:00 |k Rodrigo Vera | ||
| 999 | |c 223074 |d 223072 | ||
| 952 | |0 0 |1 0 |4 0 |6 891_703000000000000_TOL_1913 |7 0 |8 A |9 218513 |a BIBEDU |b BIBEDU |d 2019-11-15 |i 2873281 |l 2 |o 891.703 TOL 1913 |p 2873281 |r 2022-03-21 |s 2022-03-17 |w 2019-11-15 |y BK |k LIT | ||